000
00321nam a2200121Ia 4500
008
230627s9999 xx 000 0 und d
041
_a
eng
082
_a
345.54
_b
SAX
100
_a
Saxena R. N
245
_a
Indian Penal Code (Act No. Xlv Of 1860)
250
_a
15ed.
260
_a
Allahabad
_b
Central Law Publcations
_c
1998
999
_c
702646
_d
702646